[Event "Santa Cruz op 8th"]
[Site "Santa Cruz"]
[Date "2024.01.14"]
[Round "7"]
[White "Bolanos, Fernando"]
[Black "Arias, Pablo"]
[Result "1-0"]
[WhiteElo "2207"]
[BlackElo "2026"]
[PlyCount "37"]
[EventDate "2024.01.11"]
[EventType "swiss"]
[EventRounds "7"]
[EventCountry "BOL"]
[SourceTitle "CB04_2024"]
[SourceDate "2023.10.16"]
[SourceVersion "1"]
[SourceVersionDate "2023.10.16"]
[SourceQuality "1"]

1. e4 e5 2. Nf3 Nc6 3. Bb5 d6 4. d4 Bd7 5. Nc3 Nxd4 6. Nxd4 exd4 7. Qxd4 Bxb5 8. Nxb5 a6 9. Nc3 Nf6 10. Bg5 Be7 11. 0-0-0 0-0 12. f4 Qc8 13. h3 Re8 14. Rhe1 Rb8 15. Kb1 b5 16. e5 dxe5 17. fxe5 Nd5 18. Qxd5 c6 19. Qd2 1-0

[Event "Sucre op 7th"]
[Site "Sucre"]
[Date "2023.12.08"]
[Round "3"]
[White "Bolanos, Fernando"]
[Black "Monroy G, Javier A"]
[Result "1/2-1/2"]
[WhiteElo "2244"]
[BlackElo "1959"]
[PlyCount "90"]
[EventDate "2023.12.07"]
[EventType "swiss"]
[EventRounds "7"]
[EventCountry "BOL"]
[SourceTitle "CB51_2023"]
[SourceDate "2023.12.20"]
[SourceVersion "1"]
[SourceVersionDate "2023.12.20"]
[SourceQuality "1"]

1. e4 e6 2. d4 d5 3. e5 c5 4. c3 Nc6 5. Nf3 Bd7 6. Be2 Nh6 7. 0-0 Nf5 8. dxc5 Bxc5 9. b4 Be7 10. Bd3 Qc7 11. Re1 g6 12. Bf4 Rg8 13. Qd2 d4 14. b5 dxc3 15. Qxc3 Bb4 16. Qb2 Bxe1 17. bxc6 Bxf2+ 18. Qxf2 Bxc6 19. Nbd2 0-0-0 20. Be4 Qb6 21. Rc1 Kc7 22. Bxc6 bxc6 23. Nb3 Qxf2+ 24. Kxf2 Rd5 25. Bd2 Rb8 26. Rc4 Kd7 27. g4 Ne7 28. Bb4 a5 29. Bd6 Rb6 30. Ng5 f6 31. exf6 Kxd6 32. Ne4+ Ke5 33. fxe7 Rb8 34. g5 Rd7 35. Nxa5 Rxe7 36. Nxc6+ Kd5 37. Rc5+ Kxe4 38. Nxb8 Rb7 39. Nc6 Rb2+ 40. Kg3 Rxa2 41. Re5+ Kd3 42. Rxe6 Ra1 43. Ne5+ Ke4 44. Nxg6+ Kf5 45. Rf6+ Kxg5 1/2-1/2

[Event "Sucre op 7th"]
[Site "Sucre"]
[Date "2023.12.07"]
[Round "2"]
[White "Ala Chiri, Jhamil Cristian"]
[Black "Bolanos, Fernando"]
[Result "0-1"]
[WhiteElo "1549"]
[BlackElo "2244"]
[PlyCount "66"]
[EventDate "2023.12.07"]
[EventType "swiss"]
[EventRounds "7"]
[EventCountry "BOL"]
[SourceTitle "CB51_2023"]
[SourceDate "2023.12.20"]
[SourceVersion "1"]
[SourceVersionDate "2023.12.20"]
[SourceQuality "1"]

1. e4 c5 2. Nf3 d6 3. d4 cxd4 4. Nxd4 Nf6 5. Nc3 Nc6 6. Be2 g6 7. 0-0 Bg7 8. Be3 0-0 9. h3 a6 10. Kh1 Bd7 11. f4 b5 12. a3 Rc8 13. Nf3 Na5 14. Qd2 Qc7 15. f5 Qb7 16. Qd3 Nc4 17. Bf4 Nxb2 18. Qe3 Nc4 19. Bxc4 Rxc4 20. Rad1 Rfc8 21. Rd3 Qc7 22. Nd4 Qa7 23. e5 dxe5 24. Bxe5 Qb7 25. fxg6 hxg6 26. Qf4 Bc6 27. Rf2 Bxg2+ 28. Rxg2 Rxc3 29. Rxc3 Rxc3 30. Nf5 Rxc2 31. Nxe7+ Kf8 32. Nxg6+ fxg6 33. Qb4+ Ke8 0-1

[Event "Cochabamba GP op 4th"]
[Site "Cochabamba"]
[Date "2023.09.09"]
[Round "5"]
[White "Bolanos, Fernando"]
[Black "Monroy G, Javier A"]
[Result "1-0"]
[WhiteElo "2241"]
[BlackElo "1970"]
[PlyCount "75"]
[EventDate "2023.09.07"]
[EventType "swiss"]
[EventRounds "7"]
[EventCountry "BOL"]
[SourceTitle "EXT 2024"]
[Source "ChessBase"]
[SourceDate "2023.10.10"]
[SourceVersion "1"]
[SourceVersionDate "2023.10.10"]
[SourceQuality "1"]

1. e4 e6 2. d4 d5 3. e5 c5 4. c3 Nc6 5. Nf3 Bd7 6. Be2 Nge7 7. 0-0 Nf5 8. dxc5 Bxc5 9. b4 Be7 10. Bd3 g6 11. Qe2 Qc7 12. Na3 a6 13. Nc2 f6 14. g4 Ng7 15. Bh6 0-0 16. exf6 Bxf6 17. Rac1 e5 18. g5 Be7 19. Ne3 Be6 20. c4 Rxf3 21. Qxf3 e4 22. Qg2 exd3 23. cxd5 d2 24. Rc2 Nh5 25. Qe4 Qe5 26. Qxe5 Nxe5 27. dxe6 Nf3+ 28. Kh1 Bxb4 29. Rb1 Rd8 30. Rc7 Nf4 31. Rg7+ Kh8 32. Rf7 Bd6 33. e7 Re8 34. Rf8+ Rxf8 35. exf8Q+ Bxf8 36. Bxf8 Nxg5 37. Bh6 Nfe6 38. Rxb7 1-0

[Event "Cochabamba GP op 4th"]
[Site "Cochabamba"]
[Date "2023.09.07"]
[Round "2"]
[White "Velez Mendoza, Gabriel Ignacio"]
[Black "Bolanos, Fernando"]
[Result "0-1"]
[WhiteElo "1510"]
[BlackElo "2241"]
[PlyCount "92"]
[EventDate "2023.09.07"]
[EventType "swiss"]
[EventRounds "7"]
[EventCountry "BOL"]
[SourceTitle "EXT 2024"]
[Source "ChessBase"]
[SourceDate "2023.10.10"]
[SourceVersion "1"]
[SourceVersionDate "2023.10.10"]
[SourceQuality "1"]

1. d4 d5 2. Nf3 Nf6 3. c4 e6 4. Nc3 a6 5. e3 Be7 6. Be2 0-0 7. 0-0 dxc4 8. Bxc4 b5 9. Bb3 Bb7 10. Ne5 Nbd7 11. f4 c5 12. Bc2 Qc7 13. a3 Rac8 14. Bd2 Rfd8 15. Rc1 Qb6 16. Ne2 Ne4 17. Bxe4 Bxe4 18. Qe1 Qb7 19. Qf2 Nf6 20. Ng3 g6 21. Ne2 Qd5 22. Ba5 Re8 23. g4 Qb3 24. Nc3 Bb7 25. Rfd1 b4 26. axb4 cxb4 27. Nb1 Qd5 28. Kf1 Qxa5 29. b3 Qb5+ 30. Ke1 Ne4 31. Qe2 Qd5 32. Nc4 Bh4+ 33. Qf2 Nxf2 34. Kd2 Nxd1 35. Kxd1 Qf3+ 36. Kd2 Qf2+ 37. Kd3 f5 38. Nbd2 Red8 39. Rf1 Be4+ 40. Nxe4 Qxf1+ 41. Kd2 fxe4 42. f5 Qd3+ 43. Kc1 Qxb3 44. fxg6 Rxc4+ 45. Kd2 Rc2+ 46. Kd1 Qd3# 0-1

[Event "Cochabamba Hurtado Memorial"]
[Site "Cochabamba"]
[Date "2023.08.07"]
[Round "7"]
[White "Bolanos, Fernando"]
[Black "Monroy Garzon, Nataly Alejandra"]
[Result "1/2-1/2"]
[WhiteElo "2250"]
[BlackElo "1856"]
[PlyCount "79"]
[EventDate "2023.08.04"]
[EventType "swiss"]
[EventRounds "7"]
[EventCountry "BOL"]
[SourceTitle "CBM 215 Extra"]
[Source "ChessBase"]
[SourceDate "2023.09.30"]
[SourceVersion "1"]
[SourceVersionDate "2023.09.30"]
[SourceQuality "1"]

1. e4 c5 2. Ne2 Nc6 3. d4 cxd4 4. Nxd4 Nf6 5. Nc3 g6 6. Nxc6 dxc6 7. Qxd8+ Kxd8 8. Bc4 Ke8 9. Bd2 e5 10. 0-0-0 Bc5 11. Bg5 Nd7 12. Rd3 h6 13. Bd2 b5 14. Bb3 Ke7 15. Rh3 Nf6 16. Rxh6 Rxh6 17. Bxh6 Ng4 18. Bd2 Nxf2 19. Rf1 Be6 20. h3 Bd4 21. Be1 Bxc3 22. Bxf2 Bxb3 23. axb3 Bb4 24. Bh4+ Ke8 25. Bf6 Bd6 26. Rd1 Bc7 27. Kd2 Kd7 28. Rf1 Ke6 29. g4 a5 30. Bg5 Bd8 31. Be3 Be7 32. Ke2 a4 33. Ra1 a3 34. bxa3 Rxa3 35. Rxa3 Bxa3 36. h4 f5 37. h5 f4 38. Bd2 gxh5 39. gxh5 Kf6 40. Kf3 1/2-1/2

[Event "Titled Tuesday intern op 27th Jun Early"]
[Site "Chess.com INT"]
[Date "2023.06.27"]
[Round "7"]
[White "Bolanos, Fernando"]
[Black "Clawitter, Craig"]
[Result "0-1"]
[WhiteElo "2241"]
[BlackElo "2050"]
[PlyCount "30"]
[EventDate "2023.06.27"]
[EventType "swiss (blitz)"]
[EventRounds "11"]
[EventCountry "USA"]
[SourceTitle "EXT 2024"]
[Source "ChessBase"]
[SourceDate "2023.10.10"]
[SourceVersion "1"]
[SourceVersionDate "2023.10.10"]
[SourceQuality "1"]

1. e4 e6 2. d4 d5 3. e5 c5 4. c3 Qb6 5. Nf3 Nc6 6. a3 Nh6 7. b4 cxd4 8. cxd4 Nf5 9. Be3 Nxe3 10. fxe3 f6 11. exf6 gxf6 12. Bd3 Bh6 13. Qe2 0-0 14. 0-0 e5 15. Bb5 exd4 0-1

[Event "Titled Tuesday intern op 27th Jun Late"]
[Site "Chess.com INT"]
[Date "2023.06.27"]
[Round "4"]
[White "Urbina Perez, Juan Antonio"]
[Black "Bolanos, Fernando"]
[Result "0-1"]
[WhiteElo "2266"]
[BlackElo "2241"]
[PlyCount "154"]
[EventDate "2023.06.27"]
[EventType "swiss (blitz)"]
[EventRounds "11"]
[EventCountry "USA"]
[SourceTitle "EXT 2024"]
[Source "ChessBase"]
[SourceDate "2023.10.10"]
[SourceVersion "1"]
[SourceVersionDate "2023.10.10"]
[SourceQuality "1"]

1. e4 c5 2. Nf3 d6 3. d4 cxd4 4. Nxd4 Nf6 5. Nc3 Nc6 6. Bg5 e6 7. Qd2 a6 8. 0-0-0 Bd7 9. Nxc6 Bxc6 10. f3 Be7 11. Bf4 d5 12. Qe1 Qa5 13. exd5 exd5 14. Nxd5 Qxe1 15. Nxf6+ Bxf6 16. Rxe1+ Kd7 17. Bd3 Bd5 18. Bf5+ Kc6 19. Kb1 Rhe8 20. b3 b5 21. Bg3 a5 22. Rxe8 Rxe8 23. Re1 Ra8 24. Rd1 Re8 25. Bd3 b4 26. Re1 Rxe1+ 27. Bxe1 Kc5 28. Kc1 Kd4 29. Bd2 h5 30. Ba6 Be5 31. h3 Bg3 32. Kd1 Be6 33. Bd3 g6 34. Bh6 Be5 35. Bd2 Bg3 36. Ke2 Bc7 37. Bg5 Be5 38. Be3+ Kc3 39. Bb6 Kb2 40. Bxa5 Bc3 41. Bb6 Kxa2 42. Ke3 Kb2 43. Bd4 Kc1 44. Bxc3 bxc3 45. Be4 Kd1 46. Kd3 Bxb3 47. Kxc3 Be6 48. g4 h4 49. Kd3 Ke1 50. c4 Kf2 51. Bd5 Bc8 52. Bxf7 g5 53. Bd5 Kg3 54. Ke4 Kxh3 55. Ke5 Kg3 56. c5 h3 57. c6 h2 58. f4 Kxg4 59. fxg5 Kxg5 60. Kd6 Kf4 61. Kc7 Bg4 62. Bh1 Bf3 63. Bxf3 Kxf3 64. Kb8 h1Q 65. c7 Qb1+ 66. Ka8 Qe4+ 67. Kb8 Qb4+ 68. Ka8 Qa5+ 69. Kb8 Qe5 70. Ka8 Qe6 71. Kb8 Qb6+ 72. Ka8 Qa5+ 73. Kb8 Qb5+ 74. Ka8 Qe8+ 75. Kb7 Qd7 76. Ka8 Qc8+ 77. Ka7 Qxc7+ 0-1

[Event "Titled Tuesday intern op 13th Jun Early"]
[Site "Chess.com INT"]
[Date "2023.06.13"]
[Round "3"]
[White "Mika, Tomasz1111"]
[Black "Bolanos, Fernando"]
[Result "1-0"]
[WhiteElo "2169"]
[BlackElo "2241"]
[PlyCount "67"]
[EventDate "2023.06.13"]
[EventType "swiss (blitz)"]
[EventRounds "11"]
[EventCountry "USA"]
[SourceTitle "EXT 2024"]
[Source "ChessBase"]
[SourceDate "2023.10.10"]
[SourceVersion "1"]
[SourceVersionDate "2023.10.10"]
[SourceQuality "1"]

1. d4 d5 2. Bf4 Nf6 3. Nf3 e6 4. e3 Bd6 5. Bg3 0-0 6. Nbd2 c5 7. c3 Qc7 8. Bd3 Nbd7 9. Bxd6 Qxd6 10. Qe2 e5 11. dxe5 Nxe5 12. Nxe5 Qxe5 13. Nf3 Qc7 14. h3 Bd7 15. 0-0 Rfe8 16. Rfd1 Bc6 17. Qc2 Rad8 18. Rd2 Re7 19. Be2 Ne4 20. Rdd1 Rd6 21. Bd3 Nf6 22. Nh4 g6 23. Nf3 Kg7 24. Rd2 Red7 25. Rad1 Re7 26. a3 b6 27. Be2 Ne4 28. Rd3 c4 29. Rd4 Qd7 30. Nd2 Ba4 31. b3 cxb3 32. Qb2 Nc5 33. c4 dxc4 34. Rxd6+ 1-0

[Event "BOL-ch"]
[Site "Santa Cruz"]
[Date "2023.06.10"]
[Round "7"]
[White "Zambrana, Oswaldo"]
[Black "Bolanos, Fernando"]
[Result "1-0"]
[WhiteElo "2386"]
[BlackElo "2241"]
[PlyCount "53"]
[EventDate "2023.06.06"]
[EventType "tourn"]
[EventRounds "9"]
[EventCountry "BOL"]
[SourceTitle "CBM 215 Extra"]
[Source "ChessBase"]
[SourceDate "2023.09.30"]
[SourceVersion "1"]
[SourceVersionDate "2023.09.30"]
[SourceQuality "1"]

1. e4 c5 2. Nf3 Nc6 3. d4 cxd4 4. Nxd4 Nf6 5. Nc3 d6 6. Bg5 e6 7. Qd2 a6 8. 0-0-0 Bd7 9. f4 Be7 10. Nf3 b5 11. Bxf6 gxf6 12. Kb1 Qb6 13. f5 h5 14. g3 0-0-0 15. Bh3 Kb8 16. fxe6 fxe6 17. Ne2 d5 18. exd5 Bc8 19. Nf4 Nb4 20. Qe2 e5 21. Bxc8 Qa5 22. a3 Nxc2 23. Qxc2 Rxc8 24. Qe4 Bxa3 25. Nxe5 fxe5 26. Qxe5+ Ka8 27. d6 1-0

[Event "BOL-ch"]
[Site "Santa Cruz"]
[Date "2023.06.08"]
[Round "4"]
[White "Bolanos, Fernando"]
[Black "Gemy Vargas, Jose Daniel"]
[Result "1/2-1/2"]
[WhiteElo "2241"]
[BlackElo "2330"]
[PlyCount "37"]
[EventDate "2023.06.06"]
[EventType "tourn"]
[EventRounds "9"]
[EventCountry "BOL"]
[SourceTitle "CBM 215 Extra"]
[Source "ChessBase"]
[SourceDate "2023.09.30"]
[SourceVersion "1"]
[SourceVersionDate "2023.09.30"]
[SourceQuality "1"]

1. e4 e5 2. Nf3 Nc6 3. Bc4 Bc5 4. 0-0 Nf6 5. d3 d6 6. c3 a5 7. Nbd2 h6 8. Re1 g5 9. d4 Ba7 10. Bb5 g4 11. Nxe5 dxe5 12. d5 Nxd5 13. exd5 Qxd5 14. Qe2 Be6 15. Ne4 0-0-0 16. Nf6 Qd6 17. Ne4 Qd5 18. Nf6 Qd6 19. Ne4 1/2-1/2

[Event "BOL-ch"]
[Site "Santa Cruz"]
[Date "2023.06.08"]
[Round "5"]
[White "Mendoza, Rodrigo"]
[Black "Bolanos, Fernando"]
[Result "1/2-1/2"]
[WhiteElo "2195"]
[BlackElo "2241"]
[PlyCount "98"]
[EventDate "2023.06.06"]
[EventType "tourn"]
[EventRounds "9"]
[EventCountry "BOL"]
[SourceTitle "CBM 215 Extra"]
[Source "ChessBase"]
[SourceDate "2023.09.30"]
[SourceVersion "1"]
[SourceVersionDate "2023.09.30"]
[SourceQuality "1"]

1. d4 d5 2. Nf3 Nf6 3. c4 e6 4. Nc3 a6 5. e3 Be7 6. Qc2 0-0 7. c5 b6 8. cxb6 cxb6 9. Ne5 Bb7 10. Bd3 Nbd7 11. 0-0 b5 12. a3 Rc8 13. Nxd7 Qxd7 14. Bd2 Bd6 15. Rac1 Bb8 16. f4 Ne4 17. Bxe4 dxe4 18. Qb3 Bd6 19. Qd1 Rc7 20. Ne2 Rxc1 21. Qxc1 Bd5 22. Rf2 f5 23. Bb4 Bxb4 24. axb4 Rc8 25. Nc3 Qd6 26. Qa1 Bc4 27. Rc2 h6 28. b3 Bxb3 29. Nxe4 Qd8 30. Rxc8 Qxc8 31. Nc5 Bd5 32. Qxa6 Qe8 33. Qa3 Qh5 34. Qd3 Qe8 35. h3 Qa8 36. Qe2 Qa3 37. Qd2 Kh7 38. Kh2 Kg8 39. Nd7 Qb3 40. Ne5 Kh7 41. h4 Qa3 42. h5 Qb3 43. Qe1 Kg8 44. Ng6 Kh7 45. Ne7 Kh8 46. Qh4 Qd1 47. Ng6+ Kh7 48. Nf8+ Kg8 49. Ng6 Kh7 1/2-1/2

[Event "Tarija op"]
[Site "Tarija"]
[Date "2023.04.08"]
[Round "5"]
[White "Bolanos, Fernando"]
[Black "Almendras, Elias"]
[Result "1-0"]
[WhiteElo "2248"]
[BlackElo "1957"]
[PlyCount "45"]
[EventDate "2023.04.06"]
[EventType "swiss"]
[EventRounds "7"]
[EventCountry "BOL"]
[SourceTitle "EXT 2024"]
[Source "ChessBase"]
[SourceDate "2023.10.10"]
[SourceVersion "1"]
[SourceVersionDate "2023.10.10"]
[SourceQuality "1"]

1. e4 c5 2. Nf3 d6 3. d4 cxd4 4. Nxd4 Nf6 5. f3 e5 6. Nb3 d5 7. Bg5 Be6 8. Bxf6 gxf6 9. exd5 Bxd5 10. Nc3 Bb4 11. Qd3 Nc6 12. 0-0-0 Bxb3 13. axb3 Nd4 14. Qe4 Rc8 15. Bc4 Qa5 16. Rxd4 Bxc3 17. bxc3 Qa1+ 18. Kd2 Qxh1 19. Qxb7 0-0 20. Rg4+ Kh8 21. Qe7 Rfd8+ 22. Bd3 Rxd3+ 23. cxd3 1-0

[Event "Tarija op"]
[Site "Tarija"]
[Date "2023.04.06"]
[Round "2"]
[White "Rodriguez Nina, Fabian"]
[Black "Bolanos, Fernando"]
[Result "0-1"]
[WhiteElo "1632"]
[BlackElo "2248"]
[PlyCount "56"]
[EventDate "2023.04.06"]
[EventType "swiss"]
[EventRounds "7"]
[EventCountry "BOL"]
[SourceTitle "EXT 2024"]
[Source "ChessBase"]
[SourceDate "2023.10.10"]
[SourceVersion "1"]
[SourceVersionDate "2023.10.10"]
[SourceQuality "1"]

1. e4 c5 2. Nc3 Nc6 3. g3 g6 4. Bg2 Bg7 5. d3 e6 6. f4 Nge7 7. Be3 d6 8. Nge2 Rb8 9. a3 0-0 10. Rb1 Nd4 11. 0-0 Bd7 12. Bf2 Nec6 13. Nxd4 Nxd4 14. Ne2 Qa5 15. g4 Rfc8 16. f5 Qa4 17. Nxd4 cxd4 18. Bg3 e5 19. Qf3 Be8 20. fxg6 hxg6 21. h4 Rxc2 22. h5 Qb3 23. h6 Bxh6 24. Qf6 Qxd3 25. Rf3 Rxg2+ 26. Kxg2 Qxb1 27. Qxd6 Rc8 28. Qxe5 d3 0-1

[Event "Titled Tuesday intern op 28th Mar Late"]
[Site "Chess.com INT"]
[Date "2023.03.28"]
[Round "2"]
[White "Bolanos, Fernando"]
[Black "Escalona Landi, Samid Eduardo"]
[Result "0-1"]
[WhiteElo "2263"]
[BlackElo "2218"]
[PlyCount "146"]
[EventDate "2023.03.28"]
[EventType "swiss (blitz)"]
[EventRounds "11"]
[EventCountry "USA"]
[SourceTitle "EXT 2024"]
[Source "ChessBase"]
[SourceDate "2023.10.10"]
[SourceVersion "1"]
[SourceVersionDate "2023.10.10"]
[SourceQuality "1"]

1. e4 c5 2. Nf3 d6 3. d4 cxd4 4. Nxd4 Nf6 5. f3 e5 6. Nb3 Be7 7. c4 a5 8. Be3 a4 9. N3d2 Qa5 10. Nc3 a3 11. Qb3 axb2 12. Qxb2 Nbd7 13. Be2 0-0 14. 0-0 Nc5 15. Nb3 Qb4 16. Rab1 Na4 17. Nxa4 Qxa4 18. Ra1 Be6 19. c5 d5 20. exd5 Nxd5 21. Bf2 Nf4 22. Rfe1 Bf6 23. Bf1 e4 24. Bd4 Bxd4+ 25. Nxd4 exf3 26. Nxf3 Qa5 27. Qb6 Bd5 28. a4 Bxf3 29. gxf3 Ne6 30. Qxa5 Rxa5 31. Bb5 Nxc5 32. Re7 Raa8 33. Rc1 Rac8 34. Kf2 Nd3+ 35. Bxd3 Rxc1 36. Rxb7 Rd8 37. Bb5 Rc2+ 38. Kg3 Rc3 39. a5 g6 40. a6 Ra3 41. Bc4 Kg7 42. Rxf7+ Kh6 43. Rf4 Ra4 44. Bf1 Rxf4 45. Kxf4 Rd1 46. Be2 Rd2 47. Ke3 Ra2 48. h3 Kh5 49. Bf1 Kh4 50. Kf4 Rf2 51. Bb5 Kxh3 52. Bc6 Ra2 53. Bb7 Kh4 54. Ke3 Kg3 55. f4 Ra3+ 56. Ke4 Ra4+ 57. Ke5 h5 58. f5 gxf5 59. Kxf5 h4 60. Ke5 h3 61. Kd6 h2 62. Kc7 Rxa6 63. Bxa6 h1Q 64. Bb7 Qh7+ 65. Kb8 Qh8+ 66. Ka7 Qd4+ 67. Ka8 Kf4 68. Kb8 Ke5 69. Kc7 Qc5+ 70. Kd7 Qd6+ 71. Kc8 Qb6 72. Bf3 Kd6 73. Bc6 Qc7# 0-1

[Event "Titled Tuesday intern op 21st Mar Late"]
[Site "Chess.com INT"]
[Date "2023.03.21"]
[Round "6"]
[White "Bolanos, Fernando"]
[Black "Ozates, Tuna"]
[Result "1-0"]
[WhiteElo "2263"]
[BlackElo "2251"]
[PlyCount "67"]
[EventDate "2023.03.21"]
[EventType "swiss (blitz)"]
[EventRounds "11"]
[EventCountry "USA"]
[SourceTitle "EXT 2024"]
[Source "ChessBase"]
[SourceDate "2023.10.10"]
[SourceVersion "1"]
[SourceVersionDate "2023.10.10"]
[SourceQuality "1"]

1. e4 c5 2. Nf3 Nc6 3. d4 cxd4 4. Nxd4 e5 5. Nb5 d6 6. c4 Be6 7. Be3 a6 8. N5c3 g6 9. Na3 Bg7 10. Nc2 Nge7 11. Be2 0-0 12. 0-0 f5 13. f3 f4 14. Bf2 g5 15. b4 Rc8 16. Qd2 Ng6 17. Rfd1 Qf6 18. Nd5 Qf7 19. b5 axb5 20. cxb5 Nce7 21. Ncb4 h5 22. Nxe7+ Nxe7 23. Qxd6 g4 24. Rac1 Rxc1 25. Rxc1 g3 26. hxg3 fxg3 27. Bxg3 Bh6 28. Rc7 Be3+ 29. Kf1 Re8 30. Bh4 Nc8 31. Qxe5 Bd7 32. Qg3+ Kh8 33. Bc4 Qh7 34. Bf6+ 1-0

[Event "Titled Tuesday intern op 21st Mar Late"]
[Site "Chess.com INT"]
[Date "2023.03.21"]
[Round "7"]
[White "Martynov, Pavel"]
[Black "Bolanos, Fernando"]
[Result "0-1"]
[WhiteElo "2414"]
[BlackElo "2263"]
[PlyCount "44"]
[EventDate "2023.03.21"]
[EventType "swiss (blitz)"]
[EventRounds "11"]
[EventCountry "USA"]
[SourceTitle "EXT 2024"]
[Source "ChessBase"]
[SourceDate "2023.10.10"]
[SourceVersion "1"]
[SourceVersionDate "2023.10.10"]
[SourceQuality "1"]

1. e4 c5 2. Nf3 d6 3. Bb5+ Nd7 4. 0-0 a6 5. Bxd7+ Bxd7 6. c3 g6 7. Re1 Bg7 8. d4 cxd4 9. cxd4 Rc8 10. Nc3 Nh6 11. h3 0-0 12. Qb3 b5 13. Bg5 Kh8 14. e5 dxe5 15. dxe5 Nf5 16. Rad1 Qc7 17. Nd5 Qb7 18. Nxe7 Be6 19. Nd5 Rc5 20. Be3 Rxd5 21. Rxd5 Bxd5 22. Qb4 Bxf3 0-1

[Event "Titled Tuesday intern op 14th Mar Early"]
[Site "Chess.com INT"]
[Date "2023.03.14"]
[Round "3"]
[White "Bolanos, Fernando"]
[Black "Kim, Sergey2222"]
[Result "0-1"]
[WhiteElo "2263"]
[BlackElo "2295"]
[PlyCount "92"]
[EventDate "2023.03.14"]
[EventType "swiss (blitz)"]
[EventRounds "11"]
[EventCountry "USA"]
[SourceTitle "EXT 2024"]
[Source "ChessBase"]
[SourceDate "2023.10.10"]
[SourceVersion "1"]
[SourceVersionDate "2023.10.10"]
[SourceQuality "1"]

1. e4 e5 2. Nf3 Nc6 3. Bc4 Bc5 4. 0-0 Nf6 5. d3 0-0 6. h3 d6 7. c3 a6 8. a4 Ba7 9. Nbd2 Nh5 10. Nxe5 Nxe5 11. Qxh5 Nxc4 12. Nxc4 f5 13. Be3 fxe4 14. Bxa7 Rxa7 15. dxe4 Be6 16. Ne3 Ra8 17. Rae1 Qe7 18. Nd5 Qd7 19. b3 Rae8 20. c4 c6 21. Ne3 Qc7 22. f3 Qb6 23. e5 dxe5 24. Qxe5 Bxc4 25. a5 Rxe5 26. axb6 Bxf1 27. Kxf1 Rfe8 28. Kf2 Rb5 29. Rd1 Rxb3 30. Nf5 g6 31. Nh6+ Kg7 32. Ng4 Re7 33. f4 Rxb6 34. Ne5 Rb5 35. g4 a5 36. h4 a4 37. h5 a3 38. g5 gxh5 39. Nf3 a2 40. f5 Kf8 41. f6 Re8 42. Kg3 Rb1 43. Rd7 a1Q 44. Rxh7 Rg1+ 45. Nxg1 Qxg1+ 46. Kf4 Qg4# 0-1

[Event "Titled Tuesday intern op 14th Mar Early"]
[Site "Chess.com INT"]
[Date "2023.03.14"]
[Round "5"]
[White "Bolanos, Fernando"]
[Black "Rosenberg, Evan"]
[Result "1-0"]
[WhiteElo "2263"]
[BlackElo "1982"]
[PlyCount "75"]
[EventDate "2023.03.14"]
[EventType "swiss (blitz)"]
[EventRounds "11"]
[EventCountry "USA"]
[SourceTitle "EXT 2024"]
[Source "ChessBase"]
[SourceDate "2023.10.10"]
[SourceVersion "1"]
[SourceVersionDate "2023.10.10"]
[SourceQuality "1"]

1. e4 e5 2. Nf3 Nc6 3. Bc4 Nf6 4. d3 h6 5. 0-0 d6 6. c3 g5 7. b4 Bg7 8. Nbd2 0-0 9. Re1 g4 10. Nh4 Nxe4 11. dxe4 Qxh4 12. Nf1 Be6 13. Bxe6 fxe6 14. Be3 Rf7 15. a4 Raf8 16. Ra2 a6 17. Ree2 Ne7 18. b5 axb5 19. axb5 b6 20. Ra7 Ng6 21. Rea2 Nf4 22. Qb3 Kh8 23. Ng3 d5 24. Ra8 d4 25. Bd2 Nxg2 26. Rxf8+ Rxf8 27. Bxh6 Bxh6 28. Kxg2 Qh3+ 29. Kg1 Bf4 30. Qxe6 Bxg3 31. hxg3 Qh5 32. cxd4 exd4 33. Rc2 Qxb5 34. Qh6+ Kg8 35. Qg6+ Kh8 36. Qh6+ Kg8 37. Rxc7 Qb2 38. Qg7# 1-0

[Event "Titled Tuesday intern op 14th Mar Early"]
[Site "Chess.com INT"]
[Date "2023.03.14"]
[Round "1"]
[White "Jia, Haoxiang"]
[Black "Bolanos, Fernando"]
[Result "0-1"]
[WhiteElo "2331"]
[BlackElo "2263"]
[PlyCount "110"]
[EventDate "2023.03.14"]
[EventType "swiss (blitz)"]
[EventRounds "11"]
[EventCountry "USA"]
[SourceTitle "EXT 2024"]
[Source "ChessBase"]
[SourceDate "2023.10.10"]
[SourceVersion "1"]
[SourceVersionDate "2023.10.10"]
[SourceQuality "1"]

1. e4 c5 2. Nf3 d6 3. d4 cxd4 4. c3 dxc3 5. Nxc3 Nc6 6. Bc4 e6 7. 0-0 a6 8. Qe2 b5 9. Bb3 Nge7 10. Rd1 Ng6 11. a4 b4 12. Nd5 exd5 13. exd5+ Nce5 14. Nd4 Be7 15. h3 a5 16. f4 Ba6 17. Qe4 Nd3 18. Nc6 Qd7 19. Rxd3 Bxd3 20. Qxd3 0-0 21. Bc2 Bf6 22. Bd2 Rfe8 23. Rf1 Nf8 24. g4 g6 25. g5 Bg7 26. f5 gxf5 27. Rxf5 Ng6 28. Qf1 Ne5 29. Kg2 Nxc6 30. dxc6 Qxc6+ 31. Qf3 Re2+ 32. Kg3 Qxf3+ 33. Rxf3 Rxd2 34. Bb3 d5 35. Rf5 Rd8 36. h4 Rxb2 37. Bd1 d4 38. Bh5 Rd7 39. Rxa5 d3 40. Ra8+ Bf8 41. Bg4 d2 42. Re8 d1Q 43. Bxd1 Rxd1 44. a5 b3 45. a6 Ra2 46. Rb8 b2 47. a7 b1Q 48. Rxb1 Rxb1 49. Kg4 Rxa7 50. Kh5 Ra6 51. Kg4 Rb4+ 52. Kh5 Raa4 53. g6 Rxh4+ 54. Kg5 Be7+ 55. Kf5 Ra5# 0-1

[Event "Cochabamba op 6th"]
[Site "Cochabamba"]
[Date "2023.03.04"]
[Round "5"]
[White "Bolanos, Fernando"]
[Black "Ticona Rocabado, Licael Roderick"]
[Result "0-1"]
[WhiteElo "2263"]
[BlackElo "2208"]
[PlyCount "62"]
[EventDate "2023.03.02"]
[EventType "swiss"]
[EventRounds "7"]
[EventCountry "BOL"]
[SourceTitle "CBM 213 Extra"]
[Source "ChessBase"]
[SourceDate "2023.05.31"]
[SourceVersion "1"]
[SourceVersionDate "2023.05.31"]
[SourceQuality "1"]

1. e4 e6 2. d4 d5 3. e5 c5 4. c3 Qb6 5. Nf3 Nc6 6. Bd3 cxd4 7. 0-0 Bd7 8. Re1 dxc3 9. Nxc3 Nge7 10. h4 h6 11. a3 Nc8 12. b4 a6 13. Be3 Qd8 14. Na4 Be7 15. h5 0-0 16. Bc2 f5 17. exf6 Bxf6 18. Qd3 Bxa1 19. Qh7+ Kf7 20. Bxh6 Rh8 21. Ng5+ Ke7 22. Qf5 Rxh6 23. Nc5 Rf6 24. Qxd5 Nb6 25. Qa2 Bd4 26. Nge4 Bxc5 27. Nxf6 Bxf2+ 28. Kxf2 Qf8 29. Kg1 Qxf6 30. Rf1 Qd4+ 31. Kh2 Rf8 0-1